Chronological development of labor legislation for women in the United States. (Record no. 36063)

MARC details
000 -LEADER
fixed length control field 01213cam a22002771 4500
001 - CONTROL NUMBER
control field l 32000090
003 - CONTROL NUMBER IDENTIFIER
control field DLC
005 - DATE AND TIME OF LATEST TRANSACTION
control field 20260227111533.0
008 - FIXED-LENGTH DATA ELEMENTS--GENERAL INFORMATION
fixed length control field 780127s1932 dcu 000 0 eng c
010 ## - LIBRARY OF CONGRESS CONTROL NUMBER
LC control number l 32000090
035 ## - SYSTEM CONTROL NUMBER
System control number (OCoLC)3584995
040 ## - CATALOGING SOURCE
Original cataloging agency U.S. Dept. of Labor. Library
Transcribing agency ICRC
Modifying agency ICRC
-- OCoLC
-- DLC
042 ## - AUTHENTICATION CODE
Authentication code premarc
043 ## - GEOGRAPHIC AREA CODE
Geographic area code n-us---
050 00 - LIBRARY OF CONGRESS CALL NUMBER
Classification number HD6093
Item number .A35 no. 66, pt. 2
100 1# - MAIN ENTRY--PERSONAL NAME
Personal name Smith, Florence P.
Fuller form of name (Florence Patteson)
245 10 - TITLE STATEMENT
Title Chronological development of labor legislation for women in the United States.
Statement of responsibility, etc. By Florence P. Smith. Originally combined with History of labor movement for women in three states, by Clara M. Beyer.
250 ## - EDITION STATEMENT
Edition statement Revised December, 1931.
260 ## - PUBLICATION, DISTRIBUTION, ETC.
Place of publication, distribution, etc. Washington,
Name of publisher, distributor, etc. U.S. Govt. print. off.,
Date of publication, distribution, etc. 1932.
300 ## - PHYSICAL DESCRIPTION
Extent vii, 176 p.
Dimensions 23 cm.
490 0# - SERIES STATEMENT
Series statement Bulletin of the [U. S.] Women's bureau, no. 66-II
500 ## - GENERAL NOTE
General note At head ot title: United States Department of labor. W. N. Doak, secretary. Women's bureau. Mary Anderson, director.
500 ## - GENERAL NOTE
General note A revision of Part II of Bulletin of the Women's bureau no. 66, issued in 1929.
650 #0 - SUBJECT ADDED ENTRY--TOPICAL TERM
Topical term or geographic name entry element Labor laws and legislation
Geographic subdivision United States.
650 #0 - SUBJECT ADDED ENTRY--TOPICAL TERM
Topical term or geographic name entry element Women
General subdivision Employment
Geographic subdivision United States.

No items available.

Powered by Koha